ბათუმის შოთა რუსთაველის სახელმწიფო უნივერსიტეტის ბიბლიოთეკა

ქართული ხალხური პოეზია : (ბიბ.ჩანაწერი № 38323)

000 -ლიდერი
ფიქსირებული სიგრძის საკონტროლო ველი 01469nam a2200229Ia 4500
001 - საკონტროლო ნომერი
საკონტროლო ველი 4333
003 - საკონტროლო ნომრის იდენტიფიკატორი
საკონტროლო ველი GE_BSU
005 - ბოლო ოპერაციის თარიღი და დრო
საკონტროლო ველი 20191009113632.0
008 - ფიქსირებული სიგრძის მონაცემთა ელემენტები - ზოგადი ინფორმაცია
ფიქსირებული სიგრძის საკონტროლო ველი 181216s1979||||ge |||||||||||||| ||geo||
040 ## - კატალოგიზაციის წყარო
Transcribing agency GE_BSU
041 ## - ენის კოდი
Language code of text/sound track or separate title geo
080 ## - უნივერსალური ათობითი კლასიფიკაციის ინდექსი
Universal Decimal Classification number 821.353.1–91–1 ქ–27
245 ## - ცნობა სათაურის შესახებ
Title ქართული ხალხური პოეზია :
Remainder of title ტ. 8 : საყოფაცხოვრებო ლექსები /
Statement of responsibility, etc ტომი შეადგინეს, ვარიანტები და შენიშვნები დაურთეს: ჯ. ბარდაველიძემ, გ. ბარნოვმა, დ. გოგოჭურმა, ე. ვირსალაძემ, ფ. ზანდუკელმა, ვ. მაცაბერიძემ და ა. ცანავამ.
264 ## - წარმოების, გამოცემის, დისტრიბუციის და სხვა ცნობები
გამოცემის, წარმოების, დისტრიბუციის... ადგილი თბილისი :
გამოცემის, წარმოების, დისტრიბუციის... სახელწოდება მეცნიერება,
გამოცემის, წარმოების, დისტრიბუციის... თარიღი 1979.
300 ## - ფიზიკური აღწერა
Extent 541 გვ. ;
Other physical details 22 სმ.
653 ## - INDEX TERM--UNCONTROLLED
Uncontrolled term ქართული ხალხური პოეზია
700 ## - ADDED ENTRY--PERSONAL NAME
Personal name ჩიქოვანი, მ.
Relator term რედაქტორი
9 (RLIN) 4644
700 ## - ADDED ENTRY--PERSONAL NAME
Personal name ბარდაველიძე, ჯ.
Relator term შემდგენელი
9 (RLIN) 4646
700 ## - ADDED ENTRY--PERSONAL NAME
Personal name ბარნოვი, გ. სა სხვ.
Relator term შემდგენელი
9 (RLIN) 4647
710 ## - ADDED ENTRY--CORPORATE NAME
Corporate name or jurisdiction name as entry element საქ. სსრ მეცნ. აკადემია. ქართ. ლიტ-რის ისტორიის ინ-ტი.
9 (RLIN) 4645
942 ## - ADDED ENTRY ELEMENTS (KOHA)
Koha item type წიგნი
Source of classification or shelving scheme
ეგზემპლარები
ჩამოწერის სტატუსი დაკარგული ეგზემპლარის სტატუსი კლასიფიკაციის წყარო ან თაროზე გაწყობის სქემა დაზიანების სტატუსი არ გაიცემა მუდმივი მდებარეობა (დაცვის ადგილი) ამჟამინდელი ადგილსამყოფელი თაროზე განთავსების ადგილი შეძენის თარიღი ღირებულება, შესყიდვის ნორმალური ფასი სრული შენახვის შიფრი შტრიხკოდი ბოლო ოპერაციის თარიღი ეგზემპლარის მიმდევრობითი ნომერი (კეტერი?) ფასის ძალაში შესვლის თარიღი ეგზემპლარის სახეობა საჯარო შენიშვნა
          ბათუმის შოთა რუსთაველის სახელმწიფო უნივერსიტეტის მთავარი ბიბლიოთეკა ბათუმის შოთა რუსთაველის სახელმწიფო უნივერსიტეტის მთავარი ბიბლიოთეკა წიგნსაცავი 2018-12-17 8.00 821.353.1–91–1 ქ–27 5954 2018-12-17 5954 2018-12-17 წიგნი 8 ლ.
          ბათუმის შოთა რუსთაველის სახელმწიფო უნივერსიტეტის მთავარი ბიბლიოთეკა ბათუმის შოთა რუსთაველის სახელმწიფო უნივერსიტეტის მთავარი ბიბლიოთეკა წიგნსაცავი 2018-12-17 8.00 821.353.1–91–1 ქ–27 5955 2018-12-17 5955 2018-12-17 წიგნი 8 ლ.